000 00714nam a2200217Ii 4500
003 JO-AjNU
008 230605s9999||||xx |||||||||||||| ||und||
017 _a1999/9476
020 _a799-5849-18-7
040 _aJO-AjNU
_bara
_erda
_cJO-AjNU
041 _aara
050 1 4 _aPJ 7858 .A24 1999
100 3 _aأمين، القوتلي,
_eauthor
_97213
245 0 0 _aسيد الشعراء... نزار قباني
264 3 1 _aالقاهرة: دار الجميل للنشر والتوزيع والاعلام، 1999
300 _a109ص
336 _atext
_btxt
_2rdacontent
337 _aunmediated
_bn
_2rdamedia
338 _avolume
_bnc
_2rdacarrier
650 4 _aالشعر العربي - تاريخ ونقد
_97214
999 _aA165
_c3733
_d3733